|
|
|
|
| LEADER |
00000nam0a2200000 4500 |
| 001 |
357925 |
| 005 |
20231102011036.0 |
| 035 |
|
|
|a (RuTPU)RU\TPU\retro\15193
|
| 090 |
|
|
|a 357925
|
| 100 |
|
|
|a 20200811d1973 km y0rusy50 ca
|
| 101 |
0 |
|
|a rus
|
| 102 |
|
|
|a RU
|
| 105 |
|
|
|a a g 001zy
|
| 200 |
1 |
|
|a Справочник по гидравлическим расчетам систем водоснабжения и канализации
|f А. М. Курганов, Н. Ф. Федоров
|
| 210 |
|
|
|a Ленинград
|c Стройиздат
|d 1973
|
| 215 |
|
|
|a 407 с.
|c ил.
|
| 320 |
|
|
|a Библиогр.: с. 400-403
|
| 606 |
1 |
|
|a Водоснабжение
|2 stltpush
|3 (RuTPU)RU\TPU\subj\69529
|9 84347
|
| 606 |
1 |
|
|a Канализация
|x Санитарная техника
|2 stltpush
|3 (RuTPU)RU\TPU\subj\13690
|9 40263
|
| 610 |
1 |
|
|a вода
|
| 610 |
1 |
|
|a реагенты
|
| 610 |
1 |
|
|a водные растворы
|
| 610 |
1 |
|
|a физические свойства
|
| 610 |
1 |
|
|a гидростатическое давление
|
| 610 |
1 |
|
|a гидравлические сопротивления
|
| 610 |
1 |
|
|a гидравлический удар
|
| 610 |
1 |
|
|a аномальные жидкости
|
| 610 |
1 |
|
|a гидросмеси
|
| 610 |
1 |
|
|a напорное движение
|
| 610 |
1 |
|
|a истечение
|
| 610 |
1 |
|
|a отверстия
|
| 610 |
1 |
|
|a насадки
|
| 610 |
1 |
|
|a равномерное безнапорное движение
|
| 610 |
1 |
|
|a водосливы
|
| 610 |
1 |
|
|a ливнеспуски
|
| 610 |
1 |
|
|a неравномерное безнапорное движение
|
| 610 |
1 |
|
|a фильтрация
|
| 610 |
1 |
|
|a гидравлический расчет
|
| 610 |
1 |
|
|a справочники
|
| 675 |
|
|
|a 628.1(035)
|v 4
|
| 675 |
|
|
|a 628.2(035)
|v 4
|
| 700 |
|
1 |
|a Курганов
|b А. М.
|g Анатолий Матвеевич
|
| 701 |
|
1 |
|a Федоров
|b Н. Ф.
|g Николай Федорович
|
| 801 |
|
1 |
|a RU
|b 63413507
|c 20200811
|
| 801 |
|
2 |
|a RU
|b 63413507
|c 20210331
|g RCR
|
| 942 |
|
|
|c BK
|